<?xml version="1.0" encoding="UTF-8"?>
<record
    xmlns:xsi="http://www.w3.org/2001/XMLSchema-instance"
    xsi:schemaLocation="http://www.loc.gov/MARC21/slim http://www.loc.gov/standards/marcxml/schema/MARC21slim.xsd"
    xmlns="http://www.loc.gov/MARC21/slim">

  <leader>00686nam a2200217Ia 4500</leader>
  <controlfield tag="008">200825s9999||||xx |||||||||||||| ||und||</controlfield>
  <datafield tag="020" ind1=" " ind2=" ">
    <subfield code="a">9577272770</subfield>
  </datafield>
  <datafield tag="020" ind1=" " ind2=" ">
    <subfield code="a">9789577272775</subfield>
  </datafield>
  <datafield tag="041" ind1=" " ind2=" ">
    <subfield code="a">chi</subfield>
  </datafield>
  <datafield tag="050" ind1=" " ind2=" ">
    <subfield code="a">BV3427.M6</subfield>
    <subfield code="b">.T364 2006</subfield>
  </datafield>
  <datafield tag="100" ind1=" " ind2=" ">
    <subfield code="a">&#x8B5A;&#x6A39;&#x6797;</subfield>
  </datafield>
  <datafield tag="245" ind1=" " ind2="0">
    <subfield code="a">&#x99AC;&#x79AE;&#x905C;&#x8207;&#x4E2D;&#x570B;&#x6587;&#x5316;&#x8AD6;&#x7A3F;</subfield>
    <subfield code="b"> /</subfield>
    <subfield code="c">&#x8B5A;&#x6A39;&#x6797;</subfield>
  </datafield>
  <datafield tag="246" ind1=" " ind2=" ">
    <subfield code="a">&#x9A6C;&#x793C;&#x900A;&#x4E0E;&#x4E2D;&#x56FD;&#x6587;&#x5316;&#x8BBA;&#x7A3F;</subfield>
    <subfield code="b">/</subfield>
  </datafield>
  <datafield tag="260" ind1=" " ind2=" ">
    <subfield code="a">&#x53F0;&#x5317; : </subfield>
    <subfield code="b">&#x57FA;&#x7763;&#x6559;&#x5B87;&#x5B99;&#x5149;&#x5168;&#x4EBA;&#x95DC;&#x61F7;&#x6A5F;&#x69CB;,</subfield>
    <subfield code="c">2006</subfield>
  </datafield>
  <datafield tag="300" ind1=" " ind2=" ">
    <subfield code="a">264 p.</subfield>
    <subfield code="b">;</subfield>
    <subfield code="c">21 cm.</subfield>
  </datafield>
  <datafield tag="490" ind1=" " ind2=" ">
    <subfield code="a">&#x99AC;&#x79AE;&#x905C;&#x5165;&#x83EF;&#x5BA3;&#x6559;200&#x5E74;&#x7D00;&#x5FF5;&#x6587;&#x96C6;</subfield>
    <subfield code="v">v. 28</subfield>
  </datafield>
  <datafield tag="650" ind1=" " ind2=" ">
    <subfield code="a">Bible Translating China.</subfield>
  </datafield>
  <datafield tag="650" ind1=" " ind2=" ">
    <subfield code="a">Missions China History 19th century.</subfield>
  </datafield>
  <datafield tag="650" ind1=" " ind2=" ">
    <subfield code="a">Morrison, Robert, 1782-1834.</subfield>
  </datafield>
  <datafield tag="952" ind1=" " ind2=" ">
    <subfield code="0">0</subfield>
    <subfield code="1">0</subfield>
    <subfield code="4">0</subfield>
    <subfield code="7">0</subfield>
    <subfield code="a">GETS</subfield>
    <subfield code="b">GETS</subfield>
    <subfield code="c">GEN</subfield>
    <subfield code="d">2020-08-25</subfield>
    <subfield code="l">0</subfield>
    <subfield code="o">BV3427.M6 .T364 2006</subfield>
    <subfield code="p">00006179</subfield>
    <subfield code="r">2020-08-25 00:00:00</subfield>
    <subfield code="w">2020-08-25</subfield>
    <subfield code="y">CB</subfield>
  </datafield>
  <datafield tag="999" ind1=" " ind2=" ">
    <subfield code="c">18823</subfield>
    <subfield code="d">18823</subfield>
  </datafield>
</record>
